Hagrid's Pets Quiz Stats

 Plays Quiz not verified by Sporcle

Challenge
Share
Tweet
Embed
Score 0/5 Timer 01:00
0 Plays Today
Pet Name % Correct
BoarhoundFang
98.5%
HippogriffBuckbeak
97.1%
Three Headed DogFluffy
95.6%
Norwegian RidgebackNorbert(a)
94.1%
AcromantulaAragog
92.6%

You're not logged in!

Compare scores with friends on all Sporcle quizzes.
Join for Free
OR
Log In

You Might Also Like...

Show Comments

Extras

Created Jun 19, 2012ReportFavoriteNominate
Tags:hagrid, pet

Top Quizzes Today


Score Distribution

Your Account Isn't Verified!

In order to create a playlist on Sporcle, you need to verify the email address you used during registration. Go to your Sporcle Settings to finish the process.

Report this User

Report this user for behavior that violates our Community Guidelines.

Details: